01960nam a22003137a 4500003001000000005001700010007000300027008003800030020001800068040003000086082002700116100003400143245010600177264006300283300002900346336002700375337003300402338002800435504003900463505074900502590002701251650007401278650005601352650004601408910004201454942001201496952012101508999001701629 DO-SdBPM20260507122406.0ta110301s2019 dr d 000 0 spa d a9789945913392 aDO-SdBPMbspacBPMSUdrda04a305.42bV297e 20212221 aVargas, Tahiraeautor 4aut. 10aEstudio cualitativo sobre la trata de mujeres extranjeras en República Dominicana /cTahira Vargas  aSanto Domingo :bInstituto Nacional de Migración,c2019. a225 páginas :c23 cm. atextobtxt2rdacontent asin mediaciónbn2rdamedia avolumenbnc2rdacarrier aBibliografía páginas : 223-2250 a . Introducción 2 -- Perfil sociodemográfico de las mujeres migrantes 3 -- Patrones migratorios en la población venezolana y haitiana entrevistada 4 -- Modalidades de trata de mujeres migrantes en el país 5 -- Causas de la trata de migrantes en el país 6 -- Modo de operación de las redes de trata de migrantes venezolanas y haitianas 7 --Relaciones entre las migrantes y la población e instituciones dominicanas 8 --Funcionamiento de los mecanismos de detección, atención y protección a las migrantes en situación de trata 9 -- Vacíos en las políticas migratorias que favorecen la trata de migrantes en el país 10 -- Impacto de las políticas públicas contra la trata de mujeres extranjeras en el país . aInventariado, 2026/ VM 7aMujeres inmigrantes xCondiciones socialeszRepública Dominicana2  7aViolencia contra la mujer zRepública Dominicana 7aProstitución z República Dominicana a VMateo V. Control de calidad. BPMSU  2ddccBK 00102ddc708CDaBPMETbBPMETd2026-05-07l0oBPMSU CD 305.42 V297e 2021pBPMSU26050027r2026-05-07w2026-05-07yBK c15828d15828